000 00304nam a22001337a 4500
008 170405b xxu||||| |||| 00| 0 eng d
020 _a9780895825162
041 _aeng
080 _a 574
100 _a9
101 _aSHM
245 _aINVESTIGATING PLANT PHYSIOLOGY
_cOKPODU, C.M
942 _2udc
_cBK
999 _c9831
_d9831